000 01599nam a2200373 c 4500
001 BV035912368
003 DE-604
005 20220914143130.0
007 t
008 100105s2009 a||| |||| 00||| rus d
020 _a9965308403
_99965-30-840-3
035 _a(DE-599)BVBBV035912368
040 _aDE-604
_bger
_cRU-10907106
041 0 _arus
100 1 _aKokebaeva, Gulʹžauchar K.
_eVerfasser
_0(DE-588)1072846640
_4aut
_94818
245 1 0 _aGermanija - Rossija - SSSR
_bpolitika, vojna i plen
_cG. K. Kokebaeva
264 1 _aAlmaty
_bĶazaķ Univ.
_c2009
300 _a343 Seiten
_bIllustrationen
336 _aText
_btxt
_2rdacontent
337 _aohne Hilfsmittel zu benutzen
_bn
_2rdamedia
338 _aBand
_bnc
_2rdacarrier
650 0 7 _aRussischer Kriegsgefangener
_0(DE-588)4138103-8
_2gnd
_9rswk-swf
650 0 7 _aDeutscher Kriegsgefangener
_0(DE-588)4123056-5
_2gnd
_9rswk-swf
650 0 7 _aKriegsgefangenschaft
_0(DE-588)4120618-6
_2gnd
_9rswk-swf
651 7 _aDeutschland
_0(DE-588)4011882-4
_2gnd
_9rswk-swf
651 7 _aSowjetunion
_0(DE-588)4077548-3
_2gnd
_9rswk-swf
710 _4isb
_aÄl-Farabi Atyndaġy Ķazaķ Memlekettík Ūlttyķ Universitetí
_eHerausgebendes Organ
_94819
856 4 2 _mDigitalisierung BSBMuenchen
_qapplication/pdf
_uhttp://bvbr.bib-bvb.de:8991/F?func=service&doc_library=BVB01&local_base=BVB01&doc_number=018769632&sequence=000002&line_number=0001&func_code=DB_RECORDS&service_type=MEDIA
_3Inhaltsverzeichnis
942 1 1 _cMG
_e22/bsb
_2z
942 1 1 _e22/bsb
_2z
942 1 1 _e22/bsb
_2z
942 1 1 _e22/bsb
_2z
999 _c59610
_d59610
546 _aIn kyrill. Schr., russ.